000 00848nam a2200217 i 4500
003 CO-ViMGA
005 20230915224424.0
008 201203s2020 ck jr 000 0 spa d
020 _a9789584292094
040 _aCO-ViMGA
_bspa
_cCO-ViMGA
082 0 4 _a362.29
_bQ83e
_222
100 1 _aQuintero, Julian
_d1978-
_eautor
_9162650
245 1 0 _aEchele cabeza :
_buna mirada al consumo de sustancias y a como se drogan los colombianos /
_cJulian Quintero
250 _aEdicion especial
260 _aBogota :
_bEditorial Planeta Colombiana,
_c2020
300 _a383 paginas
_c23 cm
490 0 _aPlan Nacional de Lectura y Escritura Leer es mi Cuento / Ministerio de Cultura
650 1 7 _2LEMB
_aAbuso de drogas
_xPrevencion
_xAspectos sociales
_zColombia
_9162651
651 1 4 _aColombia
_xPoliĀ­tica social
_xInvestigaciones
_9162583
942 _2ddc
_cBK
999 _c9071
_d9071